000 00881nam a2200289 i 4500
003 EG-GICUC
005 20260415125206.0
008 260415s1951 -us||||fr|||| 00| 0 eng d
040 _aEG-GiCUC
_beng
_cEG-GiCUC
_dEG-GiCUC
_eRda
041 _aeng
_heng
082 0 4 _221
_a343.5
_bM A . C
092 0 4 _221
099 _aLaw1 10 343.5 M A . C 1951
100 1 _aMartienssen Anthony
_eAuteur
245 _acrime and the police /
_cMartienssen Anthony : R. M.
264 _aLondon :
_bSecker and Warburg ,
_c1951.
300 _a256 page :
_billustration ;
_c 24 cm.
336 _2rda contenu
_a texte
337 _2rda medias
_aOrdinateur
338 _2 transporteur rda
_a Ressource en ligne
650 1 _aCriminologie
_2qrmak
651 1 _2qrmak
700 1 _aR. M.
856 4 0 _uhttps://fll.law.cu.edu.eg/B10-08951/bks/test.pdf
905 _a163
942 _2ddc
_cBK
_e21
_n0
999 _c71057
_d71057